La primera vuelta al mundo

Đã lưu trong:
Chi tiết về thư mục
Tác giả chính: Brownlee, Walter (Tác giả)
Định dạng: Sách
Ngôn ngữ:Tiếng Tây Ban Nha
Được phát hành: Madrid Akal 1991
Phiên bản:1a. ed
Loạt:Colección Historia del Mundo para Jóvenes, 25
Những chủ đề:
Các nhãn: Thêm thẻ
Không có thẻ, Là người đầu tiên thẻ bản ghi này!

MARC

LEADER 00000cam a2200000 a 4500
001 UCO1411
003 CL-VaPUC
008 000512e19910000SP |||||||||||||||||spa|d
020 |a 8476005458 
082 0 4 |a 910.41  |b BRO  |2 21 
100 0 |a Brownlee, Walter  |e author  |9 443494 
245 1 3 |a La primera vuelta al mundo 
250 |a 1a. ed 
300 |a 48 p 
942 |c BK 
945 |d 20000512 00:00:00  |a rbrito 
260 |a Madrid  |b Akal  |c 1991 
650 0 |a Viajes  |9 257115 
650 0 |a Navegación marítima   |9 344305 
650 0 |a Historia  |9 255047 
583 |a last modification  |c 20160810 04:32:02  |k Rodrigo Vera 
490 0 |a Colección Historia del Mundo para Jóvenes, 25 
999 |c 288034  |d 288032 
952 |0 0  |1 0  |4 0  |6 910_410000000000000_BRO_1991  |7 0  |8 A  |9 335204  |a BIBHIS  |b BIBHIS  |d 2019-11-20  |i 362210K  |o 910.41 BRO 1991  |p 362210K  |r 2025-01-20  |w 2019-11-20  |y BK  |k HIS 
952 |0 0  |1 0  |3 erb  |4 0  |6 910_410000000000000_BRO_1991  |7 0  |8 A  |9 335205  |a BIBHIS  |b BIBHIS  |i 533778K  |o 910.41 BRO 1991  |p 533778K  |r 2025-01-20  |w 2019-11-20  |y BK  |z Catalogado en:20160811  |k HIS